[Event "BUL-chT (Women) 41th"]
[Site "Borovetz"]
[Date "2008.10.06"]
[Round "6"]
[White "Doncheva, Marinela"]
[Black "Yordanova, Svetla"]
[Result "0-1"]
[WhiteElo "2036"]
[BlackElo "2207"]
[PlyCount "136"]
[EventDate "2008.10.01"]
[EventType "team-tourn"]
[EventRounds "7"]
[EventCountry "BUL"]
[SourceTitle "CBM 126 Extra"]
[Source "ChessBase"]
[SourceDate "2008.11.05"]
[SourceVersion "1"]
[SourceVersionDate "2008.11.05"]
[SourceQuality "1"]
[WhiteTeam "Sofia Fenix (W)"]
[BlackTeam "Varna Georgi Daskalov (W)"]
[WhiteTeamCountry "BUL"]
[BlackTeamCountry "BUL"]

1. d4 Nf6 2. c4 c5 3. d5 e5 4. dxe6 fxe6 5. Nc3 d6 6. Bg5 Be7 7. e4 0-0 8. Nf3 Nc6 9. Be2 a6 10. 0-0 Qe8 11. Qd2 Bd7 12. Rfd1 Rd8 13. h3 Bc8 14. Qe3 h6 15. Bh4 e5 16. Nd5 Nxd5 17. exd5 Bxh4 18. Nxh4 Nd4 19. Bd3 g5 20. Qe4 Qf7 21. Qg6+ Qg7 22. Qxg7+ Kxg7 23. Ng6 Rf6 24. Ne7 Bd7 25. g4 Rdf8 26. Nf5+ Bxf5 27. gxf5 Nxf5 28. Bxf5 Rxf5 29. Rd2 Rf4 30. Rc1 R8f6 31. Rc3 b5 32. Ra3 Rxc4 33. Rxa6 Ra4 34. Rb6 b4 35. b3 Ra7 36. f3 Kg6 37. Kf2 Kf5 38. Re2 h5 39. Kg3 Rg6 40. Rc6 g4 41. fxg4+ hxg4 42. h4 e4 43. Rc8 Re7 44. Rf8+ Ke5 45. h5 Rh6 46. Kxg4 Rg7+ 47. Kh4 Rgh7 48. Re8+ Kxd5 49. R2xe4 Rxh5+ 50. Kg3 Rh3+ 51. Kg2 Rh2+ 52. Kg1 Rh1+ 53. Kg2 R7h2+ 54. Kg3 Rh3+ 55. Kg2 R1h2+ 56. Kg1 Rxa2 57. Re1 Rd3 58. R8e4 Rxb3 59. Rg4 Rd3 60. Rc1 Rad2 61. Rg5+ Kc6 62. Rg4 Rd1+ 63. Rxd1 Rxd1+ 64. Kf2 b3 65. Ke2 Rd4 66. Rg1 b2 67. Rb1 Rb4 68. Kd3 d5 0-1

[Event "BUL-ch sf (Women) 57th"]
[Site "Plovdiv"]
[Date "2008.02.17"]
[Round "6"]
[White "Savova, Stefka"]
[Black "Doncheva, Marinela"]
[Result "1-0"]
[WhiteElo "2169"]
[BlackElo "2084"]
[PlyCount "65"]
[EventDate "2008.02.13"]
[EventType "swiss"]
[EventRounds "7"]
[EventCountry "BUL"]
[SourceTitle "EXT 2010"]
[Source "ChessBase"]
[SourceDate "2010.11.25"]
[SourceVersion "1"]
[SourceVersionDate "2010.11.25"]
[SourceQuality "1"]

1. e4 e5 2. Nf3 d6 3. d4 Nf6 4. Nc3 Nbd7 5. Bc4 Be7 6. Ng5 0-0 7. Bxf7+ Rxf7 8. Ne6 Qe8 9. Nxc7 Qd8 10. Nxa8 b5 11. dxe5 Nxe5 12. Bf4 Bb7 13. Bxe5 Qxa8 14. Bxf6 Bxf6 15. Nd5 Bxb2 16. Rb1 Ba3 17. 0-0 Bc5 18. Rxb5 Ba6 19. Rxc5 Bxf1 20. Rc7 Bxg2 21. Kxg2 Rxc7 22. Nxc7 Qxe4+ 23. Qf3 Qg6+ 24. Kf1 Qxc2 25. Qa8+ Kf7 26. Qe8+ Kf6 27. Nd5+ Kg5 28. Qe7+ Kh6 29. Qxd6+ g6 30. Qf8+ Kh5 31. Qf3+ Kh6 32. Qe3+ Kg7 33. Qc3+ 1-0

[Event "BUL-chT (Women) 57th"]
[Site "Sunny Beach"]
[Date "2007.10.01"]
[Round "3.3"]
[White "Doncheva, Marinela"]
[Black "Bednikova, Stefka"]
[Result "1/2-1/2"]
[WhiteElo "2060"]
[BlackElo "2077"]
[PlyCount "62"]
[EventDate "2007.09.29"]
[EventType "team"]
[EventRounds "7"]
[EventCountry "BUL"]
[SourceTitle "CBM 120 Extra"]
[Source "ChessBase"]
[SourceDate "2007.11.01"]
[SourceVersion "1"]
[SourceVersionDate "2007.11.01"]
[SourceQuality "1"]

1. d4 Nf6 2. c4 d6 3. Nc3 Nbd7 4. e4 e5 5. d5 a5 6. Bd3 Be7 7. f4 exf4 8. Bxf4 Ne5 9. Be2 Nfd7 10. Qd2 Ng6 11. Be3 Nh4 12. Bf1 Ne5 13. 0-0-0 Ng4 14. Kb1 Nxe3 15. Qxe3 Ng6 16. Nf3 0-0 17. e5 Nxe5 18. Nxe5 dxe5 19. Qxe5 Bf6 20. Qg3 Bf5+ 21. Bd3 Bxd3+ 22. Rxd3 Bxc3 23. Rxc3 Ra6 24. Re1 Rd6 25. Qe5 c6 26. dxc6 Rxc6 27. Qe7 Qc8 28. c5 Rc7 29. Qe5 Rc6 30. Qe7 Rc7 31. Qe3 Rc6 1/2-1/2

[Event "BUL-chT (Women) 57th"]
[Site "Sunny Beach"]
[Date "2007.09.30"]
[Round "2.3"]
[White "Djingarova, Emilia"]
[Black "Doncheva, Marinela"]
[Result "1-0"]
[WhiteElo "2266"]
[BlackElo "2060"]
[PlyCount "87"]
[EventDate "2007.09.29"]
[EventType "team"]
[EventRounds "7"]
[EventCountry "BUL"]
[SourceTitle "CBM 120 Extra"]
[Source "ChessBase"]
[SourceDate "2007.11.01"]
[SourceVersion "1"]
[SourceVersionDate "2007.11.01"]
[SourceQuality "1"]

1. Nf3 Nf6 2. g3 b6 3. Bg2 Bb7 4. 0-0 d6 5. d4 c5 6. c4 cxd4 7. Qxd4 e5 8. Qd1 Qc7 9. Nc3 a6 10. Bg5 Nbd7 11. Rc1 Rc8 12. Nd5 Qb8 13. Bh3 Nxd5 14. cxd5 Rxc1 15. Bxd7+ Kxd7 16. Qa4+ Rc6 17. Rc1 b5 18. dxc6+ Bxc6 19. Qg4+ Kc7 20. Qf5 Qe8 21. Bd2 f6 22. Qd3 Be7 23. a4 Kb7 24. axb5 axb5 25. Be3 Qa8 26. Nd2 d5 27. Nb3 d4 28. Bd2 Kb6 29. Ba5+ Kb7 30. Bd2 Kb6 31. Ra1 Qc8 32. Nxd4 e4 33. Qc3 b4 34. Qb3 Rd8 35. Bxb4 Rxd4 36. Bc3+ Kc5 37. Ra5+ Kd6 38. Bxd4 Bd8 39. Bc5+ Ke5 40. Bb6+ Kd6 41. Bxd8 Qxd8 42. Qd1+ Ke7 43. Qxd8+ Kxd8 44. Ra7 1-0

[Event "BUL-ch (Women) 53rd"]
[Site "Sofia"]
[Date "2004.02.24"]
[Round "8"]
[White "Djingarova, Emilia"]
[Black "Doncheva, Marinela"]
[Result "1-0"]
[WhiteElo "2344"]
[BlackElo "2065"]
[PlyCount "79"]
[EventDate "2004.02.17"]
[EventType "tourn"]
[EventRounds "11"]
[EventCountry "BUL"]
[SourceTitle "EXT 2005"]
[Source "ChessBase"]
[SourceDate "2004.11.15"]
[SourceVersion "1"]
[SourceVersionDate "2004.11.15"]
[SourceQuality "1"]

1. e4 c5 2. Nf3 d6 3. Bc4 Nf6 4. d3 Nc6 5. c3 g6 6. 0-0 Bg7 7. Nbd2 0-0 8. Bb3 e5 9. Re1 Kh8 10. Nf1 d5 11. Qe2 d4 12. Ba4 Bg4 13. h3 Bxf3 14. Qxf3 Qd6 15. Bxc6 Qxc6 16. c4 Nd7 17. Qe2 Rae8 18. Bd2 f5 19. Rab1 Rf7 20. b4 Bf8 21. a3 Qf6 22. Nh2 fxe4 23. Ng4 Qf5 24. dxe4 Qh5 25. Rb3 Qh4 26. Rf3 Rxf3 27. Qxf3 Qe7 28. Qd3 Qe6 29. Rc1 cxb4 30. axb4 a6 31. c5 Rc8 32. f4 Bg7 33. Rf1 h5 34. f5 gxf5 35. exf5 Qd5 36. f6 Bf8 37. Qg6 hxg4 38. Qh5+ Kg8 39. f7+ Kg7 40. Qh6# 1-0

[Event "EU-ch (Women) 3rd"]
[Site "Varna"]
[Date "2002.06.07"]
[Round "11"]
[White "Jiretorn, Eva"]
[Black "Doncheva, Marinela"]
[Result "1-0"]
[WhiteElo "2114"]
[BlackElo "2077"]
[PlyCount "89"]
[EventDate "2002.05.27"]
[EventType "swiss"]
[EventRounds "11"]
[EventCountry "BUL"]
[SourceTitle "CBM 088 Extra"]
[Source "ChessBase"]
[SourceDate "2002.07.01"]
[SourceVersion "2"]
[SourceVersionDate "2002.07.01"]
[SourceQuality "1"]

1. d4 Nf6 2. c4 g6 3. Nc3 Bg7 4. e4 d6 5. Nf3 0-0 6. Be2 Nbd7 7. 0-0 e5 8. Re1 c6 9. Rb1 a5 10. Bf1 Re8 11. b3 exd4 12. Nxd4 d5 13. cxd5 cxd5 14. Ndb5 Nb6 15. Bf4 Re7 16. e5 Ne8 17. Qd2 Be6 18. Nd6 Nxd6 19. exd6 Re8 20. Nb5 Rf8 21. Nc7 Rc8 22. Qxa5 Nd7 23. Qb5 Bc3 24. Red1 Qf6 25. Bh6 Rfd8 26. Nxd5 Bxd5 27. Qxd5 Rc5 28. Qe4 Re5 29. Qxb7 Rh5 30. Be3 Be5 31. g3 Bxd6 32. Be2 Ra5 33. a4 Ne5 34. Qb6 Rda8 35. Qd4 Rd8 36. Qe4 Re8 37. Qg2 Raa8 38. h4 Bb4 39. Bg5 Qb6 40. Be3 Bc5 41. Bxc5 Qxc5 42. Qd5 Qb6 43. a5 Qf6 44. b4 Nc6 45. Bb5 1-0

[Event "EU-ch (Women) 3rd"]
[Site "Varna"]
[Date "2002.05.29"]
[Round "3"]
[White "Doncheva, Marinela"]
[Black "Krupkova, Petra"]
[Result "0-1"]
[WhiteElo "2077"]
[BlackElo "2293"]
[PlyCount "86"]
[EventDate "2002.05.27"]
[EventType "swiss"]
[EventRounds "11"]
[EventCountry "BUL"]
[SourceTitle "CBM 088 Extra"]
[Source "ChessBase"]
[SourceDate "2002.07.01"]
[SourceVersion "2"]
[SourceVersionDate "2002.07.01"]
[SourceQuality "1"]

1. d4 Nf6 2. c4 g6 3. Nc3 d5 4. cxd5 Nxd5 5. e4 Nxc3 6. bxc3 Bg7 7. Bc4 0-0 8. Ne2 c5 9. Be3 Nc6 10. 0-0 Qc7 11. Rc1 Rd8 12. Qd2 Qa5 13. Qb2 cxd4 14. cxd4 e6 15. Rfd1 a6 16. Bb3 Bd7 17. Rc5 b5 18. Qc1 Bf8 19. Bg5 Rdc8 20. Bf6 Qb6 21. Rc3 Na5 22. Qg5 Rxc3 23. Nxc3 Nxb3 24. axb3 h6 25. Qg3 b4 26. Ne2 Bg7 27. Bxg7 Kxg7 28. Qe5+ f6 29. Qg3 Rc8 30. h4 Qc7 31. Nf4 g5 32. e5 Qc2 33. exf6+ Kxf6 34. Nh5+ Kg6 35. Nf4+ Kf7 36. Re1 gxf4 37. Qxf4+ Qf5 38. Qxh6 Rg8 39. Re5 Qg6 40. Qf4+ Ke8 41. Qf3 Qg4 42. Qa8+ Ke7 43. Rg5 Qd1+ 0-1

[Event "BUL-ch (Women)"]
[Site "Plovdiv"]
[Date "2001.03.20"]
[Round "1"]
[White "Doncheva, Marinela"]
[Black "Andreeva, Marija"]
[Result "1-0"]
[WhiteElo "2085"]
[BlackElo "2218"]
[PlyCount "35"]
[EventDate "2001.03.20"]
[EventType "tourn"]
[EventRounds "11"]
[EventCountry "BUL"]
[SourceTitle "CBM 081 Extra"]
[Source "ChessBase"]
[SourceDate "2001.05.06"]
[SourceVersion "1"]
[SourceVersionDate "2001.05.06"]
[SourceQuality "1"]

1. Nf3 Nf6 2. g3 b6 3. Bg2 Bb7 4. 0-0 e6 5. d3 d5 6. Nbd2 Be7 7. e4 dxe4 8. Ng5 h6 9. Ndxe4 Nd5 10. Nxf7 Kxf7 11. c4 Nf6 12. Ng5+ hxg5 13. Bxb7 Nbd7 14. Bxa8 Qxa8 15. d4 Qe4 16. Bxg5 Ng4 17. f3 Qh7 18. fxg4+ 1-0